| 000 | 00647nam a2200217Ii 4500 | ||
|---|---|---|---|
| 001 | 4147 | ||
| 003 | CO-ViMGA | ||
| 008 | 241108s9999||||xx |||||||||||||| ||und|| | ||
| 020 | _a2036414123 | ||
| 040 |
_aCO-ViMGA _bspa _erda _cCO-ViMGA |
||
| 041 | 0 | _aunk | |
| 082 | 0 | 4 | _a447.03-M749 |
| 100 | 1 |
_aAnnie Monnerie _953543 |
|
| 245 | 1 | 0 | _aMéthode de Francais Langue Etrangere Niveau A y B |
| 264 | 1 | _a[Lugar de publicación no identificado] : Larousse, 1979 | |
| 300 | _avolumen | ||
| 336 |
_atext _btxt _2rdacontent |
||
| 337 |
_aunmediated _bn _2rdamedia |
||
| 338 |
_avolume _bnc _2rdacarrier |
||
| 940 | _aidficha_siabuc: 4055. -- ficha_no_siabuc:4147 | ||
| 999 |
_c50204 _d50204 |
||